[Event "Asian Nations Cup 2016"]
[Site "Abu Dhabi UAE"]
[Date "2016.03.30"]
[Round "3.1"]
[White "Shrestha, Bilam Lal"]
[Black "El Jawich, Amro"]
[Result "0-1"]
[WhiteTitle "FM"]
[BlackTitle "FM"]
[WhiteElo "2026"]
[BlackElo "2241"]
[WhiteTeam "Nepal"]
[BlackTeam "Lebanon"]
[WhiteFideId "12300047"]
[BlackFideId "5300380"]
[EventDate "2016.03.28"]
[EventType "team"]

1. e4 c5 2. Nf3 d6 3. d4 cxd4 4. Nxd4 Nf6 5. Nc3 Nc6 6. Be2 e5 7. Nf3 h6 8. a3
Be6 9. O-O Be7 10. Qd3 O-O 11. Re1 d5 12. exd5 Nxd5 13. Nxd5 Bxd5 14. Rd1 Be6
15. Qxd8 Rfxd8 16. Be3 Bf6 17. Nd2 Nd4 18. Bd3 Rac8 19. Rac1 Bf5 20. Bxd4 Bxd3
21. cxd3 exd4 22. Nb3 Bg5 23. Rxc8 Rxc8 24. Nxd4 Bf6 25. Nb5 Bxb2 26. a4 a6 27.
Nd6 Rc2 28. g4 Bd4 29. Ne4 b6 30. Rb1 a5 31. Rb5 Ra2 32. Rd5 Rxa4 33. Rd8+ Kh7
34. Rd7 Rb4 35. Rxf7 a4 36. Nd2 b5 37. Nf3 a3 38. Nxd4 Rxd4 0-1

[Event "Asian Nations Cup 2016"]
[Site "Abu Dhabi UAE"]
[Date "2016.03.30"]
[Round "3.2"]
[White "Bassel, Charaf"]
[Black "Shrestha, Rajendra Prasad"]
[Result "1/2-1/2"]
[WhiteElo "2112"]
[BlackElo "1922"]
[WhiteTeam "Lebanon"]
[BlackTeam "Nepal"]
[WhiteFideId "5300657"]
[BlackFideId "12300489"]
[EventDate "2016.03.28"]
[EventType "team"]

1. e4 e6 2. b3 d5 3. Bb2 dxe4 4. Nc3 f5 5. Qh5+ g6 6. Qe2 Bg7 7. O-O-O Nf6 8. d3
exd3 9. Rxd3 Qe7 10. f4 O-O 11. Nf3 b6 12. Ng5 h6 13. Qf3 c6 14. Nh3 Bb7 15. Re3
c5 16. Qg3 Kh7 17. Qh4 Kg8 18. Bc4 Bc8 19. Rhe1 Re8 20. Bxe6+ Bxe6 21. Rxe6 Qxe6
22. Rxe6 Rxe6 23. Nb5 Na6 24. Nf2 Rae8 25. Nd3 Nb4 26. Be5 Nxd3+ 27. cxd3 Nd5
28. d4 a6 29. Nd6 R8e7 30. dxc5 bxc5 31. Qg3 Bxe5 32. fxe5 Kh7 33. Nc4 Nb4 34.
Kb2 Nc6 35. Qd3 Nxe5 36. Nxe5 Rxe5 37. Qxa6 Re2+ 38. Kc3 Rxg2 39. h4 f4 40. Qf6
Rge2 41. a4 f3 42. a5 f2 43. a6 h5 44. Kd3 R7e3+ 45. Kc4 Re4+ 46. Kd3 R4e3+ 47.
Kc4 Re4+ 48. Kd3 Re5 1/2-1/2

[Event "Asian Nations Cup 2016"]
[Site "Abu Dhabi UAE"]
[Date "2016.03.30"]
[Round "3.3"]
[White "Shrestha, Sujendra Prasad"]
[Black "Asmar, Elie"]
[Result "0-1"]
[WhiteTitle "FM"]
[WhiteElo "1893"]
[BlackElo "2051"]
[WhiteTeam "Nepal"]
[BlackTeam "Lebanon"]
[WhiteFideId "12300519"]
[BlackFideId "5301432"]
[EventDate "2016.03.28"]
[EventType "team"]

1. e4 c5 2. Nf3 g6 3. d4 cxd4 4. Nxd4 Nc6 5. Be3 Bg7 6. Nc3 Nf6 7. f4 Qb6 8. e5
Ng4 9. Bg1 Qxb2 10. Nd5 O-O 11. Nxc6 dxc6 12. Nxe7+ Kh8 13. Nxc8 Qc3+ 14. Ke2
Raxc8 15. Bd4 Qa5 16. Qe1 Qa4 17. Qc3 c5 18. Be3 f6 19. Rb1 Nxe3 20. Kxe3 fxe5
21. Qc4 exf4+ 22. Kd2 Rcd8+ 23. Ke1 Rfe8+ 24. Kf2 Bd4+ 25. Kf3 Qc6+ 26. Kg4 h5+
27. Kxf4 Qe4+ 28. Kg3 Qg4# 0-1

[Event "Asian Nations Cup 2016"]
[Site "Abu Dhabi UAE"]
[Date "2016.03.30"]
[Round "3.4"]
[White "Maasarani, Mahmoud"]
[Black "Baidya, Arun Shankar"]
[Result "1/2-1/2"]
[WhiteElo "2052"]
[BlackElo "1719"]
[WhiteTeam "Lebanon"]
[BlackTeam "Nepal"]
[WhiteFideId "5300681"]
[BlackFideId "12305251"]
[EventDate "2016.03.28"]
[EventType "team"]

1. d4 d5 2. Nf3 Nf6 3. g3 c6 4. Bg2 Bf5 5. O-O e6 6. c4 Nbd7 7. Nbd2 Bd6 8. Re1
O-O 9. Nh4 Bg4 10. Qc2 Rc8 11. e4 dxe4 12. Nxe4 Nxe4 13. Qxe4 Nf6 14. Qc2 b5 15.
Bg5 Be7 16. h3 Bh5 17. g4 Bg6 18. Nxg6 hxg6 19. Rad1 bxc4 20. Qxc4 Qd6 21. Qa4
Nd5 22. Be3 f5 23. Bd2 fxg4 24. hxg4 Nf4 25. Qc4 Bh4 26. Re5 Nd5 27. Rf1 Bf6 28.
Re4 g5 29. Rfe1 Rce8 30. a3 Kf7 31. Bb4 Nxb4 32. axb4 Re7 33. b3 Rh8 34. b5 cxb5
35. Qxb5 Rb8 36. Qc4 Rb4 37. Qc5 Rxd4 38. Qxd6 Rxd6 39. Bf1 Bd4 40. Bc4 Kf6 41.
Kg2 e5 42. f3 g6 43. Rh1 Bc3 44. Re2 Red7 45. Rc1 Bd4 46. Rh1 Bb6 47. Rc1 Rc7
48. Rce1 1/2-1/2

[Event "Asian Nations Cup 2016"]
[Site "Abu Dhabi UAE"]
[Date "2016.03.30"]
[Round "3.1"]
[White "Zayed, Ali Al-hamed"]
[Black "Amer, Said Salim Al Maashani"]
[Result "1/2-1/2"]
[BlackTitle "FM"]
[WhiteElo "1987"]
[BlackElo "2128"]
[WhiteTeam "UAE - 3"]
[BlackTeam "Oman"]
[WhiteFideId "9303340"]
[BlackFideId "22000100"]
[EventDate "2016.03.28"]
[EventType "team"]

1. e4 d6 2. d4 Nf6 3. Nc3 c6 4. f4 Qa5 5. Bd3 e5 6. Nf3 Bg4 7. Be3 Nbd7 8. O-O
Be7 9. h3 Bxf3 10. Qxf3 Bd8 11. Ne2 c5 12. c3 Rc8 13. fxe5 dxe5 14. d5 c4 15.
Bc2 Bb6 16. Kh1 Bxe3 17. Qxe3 Qb6 18. Qxb6 axb6 19. b4 h5 20. a4 Ke7 21. Ng1 h4
22. Nf3 Nh5 23. Kh2 Nhf6 24. Nd2 Nf8 25. Bd1 Ng6 26. Bc2 Nf4 27. Nf3 Kd6 28. Ng5
Rc7 1/2-1/2

[Event "Asian Nations Cup 2016"]
[Site "Abu Dhabi UAE"]
[Date "2016.03.30"]
[Round "3.2"]
[White "Al Mashikhi, Salim Aliyan"]
[Black "Al-Zaabi, Sultan"]
[Result "1-0"]
[BlackTitle "CM"]
[WhiteElo "2088"]
[BlackElo "1817"]
[WhiteTeam "Oman"]
[BlackTeam "UAE - 3"]
[WhiteFideId "22000046"]
[BlackFideId "9307583"]
[EventDate "2016.03.28"]
[EventType "team"]

1. c4 c5 2. Nc3 Nc6 3. g3 g6 4. Bg2 Bg7 5. Nf3 e5 6. O-O Nge7 7. d3 d6 8. Rb1
O-O 9. a3 a5 10. Nb5 h6 11. Nd2 f5 12. e3 Be6 13. b3 Qd7 14. Bb2 Rad8 15. Qc2 b6
16. Rfd1 g5 17. d4 cxd4 18. exd4 exd4 19. Nf3 f4 20. Nfxd4 Nxd4 21. Nxd4 Bxd4
22. Bxd4 f3 23. Bf1 Bf5 24. Bd3 Bxd3 25. Qxd3 Rb8 26. Bc3 Rf7 27. Kh1 Qh3 28.
Rg1 Rbf8 29. Qxd6 Kh7 30. g4 Ng6 31. Rg3 Qh4 32. Qd3 Rf4 33. Re1 R8f7 34. Re6
R4f5 35. Rxg6 Kxg6 36. gxf5+ Rxf5 37. Rxf3 Qg4 38. Qxf5+ Qxf5 39. Rxf5 Kxf5 40.
Bd4 1-0

[Event "Asian Nations Cup 2016"]
[Site "Abu Dhabi UAE"]
[Date "2016.03.30"]
[Round "3.3"]
[White "Ali, Abdulaziz"]
[Black "Salim, Issa Ali Shamas"]
[Result "1-0"]
[WhiteElo "1910"]
[BlackElo "2026"]
[WhiteTeam "UAE - 3"]
[BlackTeam "Oman"]
[WhiteFideId "9304347"]
[BlackFideId "22000062"]
[EventDate "2016.03.28"]
[EventType "team"]

1. e4 d6 2. d4 Nf6 3. Nc3 Nbd7 4. Nf3 e5 5. Bc4 Be7 6. O-O O-O 7. h3 c6 8. a3
Qc7 9. Re1 b6 10. Ba2 a6 11. Nh4 Re8 12. Nf5 Bf8 13. Bg5 h6 14. Bh4 g6 15. dxe5
dxe5 16. Ne3 g5 17. Bg3 Nc5 18. Qf3 Bg7 19. Nf5 Ne6 20. Nxh6+ Bxh6 21. Qxf6 Bg7
22. Qf3 Nd4 23. Qd3 Rd8 24. Rad1 Qe7 25. Ne2 Be6 26. Bxe6 Nxe6 27. Qc3 Rxd1 28.
Rxd1 Rd8 29. Rxd8+ Qxd8 30. Kh2 Qd6 31. f3 Nf4 32. Qe1 Qc5 33. Nc3 b5 34. Qd2
Qe7 35. Nd1 Bf8 36. Ne3 Qd6 37. Qxd6 Bxd6 38. Bxf4 exf4 39. Nf5 Bf8 40. h4 Kh7
41. Kh3 Kg6 42. Kg4 f6 43. Nd4 gxh4 44. Nxc6 Bc5 45. Kxf4 Bf2 46. Ne7+ Kf7 47.
Nd5 a5 48. Kf5 Bc5 49. Nc7 b4 50. axb4 axb4 51. Nd5 Bd4 52. b3 Bc3 53. Nxc3 bxc3
54. b4 Ke7 55. b5 Kd6 56. Kxf6 Kc5 57. e5 Kxb5 58. e6 Kb4 59. e7 Ka3 60. e8=Q 1-0

[Event "Asian Nations Cup 2016"]
[Site "Abu Dhabi UAE"]
[Date "2016.03.30"]
[Round "3.4"]
[White "Salim, Mohammed Salim Al Amri"]
[Black "Khalifah, Khaled"]
[Result "1-0"]
[WhiteTitle "CM"]
[BlackTitle "CM"]
[WhiteElo "2038"]
[BlackElo "1532"]
[WhiteTeam "Oman"]
[BlackTeam "UAE - 3"]
[WhiteFideId "22000089"]
[BlackFideId "9312552"]
[EventDate "2016.03.28"]
[EventType "team"]

1. e4 c5 2. b4 Nf6 3. e5 Nd5 4. bxc5 Qc7 5. Nf3 Qxc5 6. d4 Qb6 7. Be2 e6 8. O-O
Nc6 9. c4 Nde7 10. Nc3 Nf5 11. c5 Qb4 12. Nb5 Qa5 13. g4 Nh6 14. h3 Ng8 15. Bd2
Qd8 16. Rc1 a6 17. Nd6+ Bxd6 18. cxd6 h5 19. g5 b5 20. Bd3 Bb7 21. Be4 Rc8 22.
Qe1 Qb6 23. Qe3 Ba8 24. Rc5 a5 25. Rfc1 b4 26. d5 exd5 27. Bxd5 Kf8 28. Qf4 f6
29. Nh4 1-0

[Event "Asian Nations Cup 2016"]
[Site "Abu Dhabi UAE"]
[Date "2016.03.30"]
[Round "3.1"]
[White "Khusenkhojaev, Muhammad"]
[Black "Alrashidi, Yousef"]
[Result "1-0"]
[WhiteTitle "IM"]
[WhiteElo "2416"]
[BlackElo "1631"]
[WhiteTeam "Tajikistan"]
[BlackTeam "Kuwait"]
[WhiteFideId "14700247"]
[BlackFideId "10300910"]
[EventDate "2016.03.28"]
[EventType "team"]

1. Nf3 Nf6 2. c4 g6 3. g3 Bg7 4. Bg2 O-O 5. O-O d6 6. d4 Nbd7 7. Nc3 c5 8. b3 a6
9. h3 cxd4 10. Nxd4 e5 11. Nc2 Nc5 12. Be3 Qc7 13. Nb4 Be6 14. Nbd5 Nxd5 15.
Nxd5 Bxd5 16. Qxd5 Rab8 17. Rfd1 Rfd8 18. Bg5 Rd7 19. h4 Re8 20. Bh3 Ne6 21.
Rac1 Qc6 22. c5 Qxd5 23. Rxd5 f6 24. Be3 Bf8 25. c6 Rc7 26. Bxe6+ Rxe6 27. cxb7
Rxb7 28. Rc6 Rb5 29. Rxb5 axb5 30. Rb6 b4 31. Bd2 Re8 32. Bxb4 Rd8 33. Rb7 Re8
34. a4 Be7 35. a5 Kf7 36. Bxd6 Ke6 37. Rxe7+ Rxe7 38. Bxe7 Kxe7 39. a6 1-0

[Event "Asian Nations Cup 2016"]
[Site "Abu Dhabi UAE"]
[Date "2016.03.31"]
[Round "4.1"]
[White "Ghaem Maghami, Ehsan"]
[Black "Bu, Xiangzhi"]
[Result "0-1"]
[WhiteTitle "GM"]
[BlackTitle "GM"]
[WhiteElo "2549"]
[BlackElo "2724"]
[WhiteTeam "Iran"]
[BlackTeam "China"]
[WhiteFideId "12500739"]
[BlackFideId "8601445"]
[EventDate "2016.03.28"]
[EventType "team"]

1. d4 Nf6 2. Nf3 e6 3. c4 d5 4. g3 dxc4 5. Bg2 Nc6 6. Qa4 Bb4+ 7. Bd2 Nd5 8.
Bxb4 Nxb4 9. O-O Rb8 10. Na3 O-O 11. Qb5 b6 12. Qxc4 Ba6 13. Nb5 Qd5 14. Qxd5
Nxd5 15. a4 Na5 16. Ne5 Rbd8 17. Bxd5 Bxb5 18. axb5 Rxd5 19. Ra4 f6 20. Nc6 Nxc6
21. bxc6 a5 22. e3 Rb5 23. b4 Rxb4 24. Rxb4 axb4 25. Rb1 Ra8 26. Rxb4 Kf7 27.
Kg2 Ke7 28. e4 Kd6 29. Rc4 f5 30. Kf3 fxe4+ 31. Kxe4 Ra2 32. f4 Re2+ 33. Kf3
Rxh2 34. Ke4 Re2+ 35. Kf3 Re1 36. g4 Kd5 37. Rc2 h6 38. g5 hxg5 39. fxg5 Rg1 40.
Kf4 g6 41. Re2 Rc1 0-1

[Event "Asian Nations Cup 2016"]
[Site "Abu Dhabi UAE"]
[Date "2016.03.31"]
[Round "4.2"]
[White "Wang, Yue"]
[Black "Maghsoodloo, Parham"]
[Result "1-0"]
[WhiteTitle "GM"]
[WhiteElo "2718"]
[BlackElo "2489"]
[WhiteTeam "China"]
[BlackTeam "Iran"]
[WhiteFideId "8601429"]
[BlackFideId "12539929"]
[EventDate "2016.03.28"]
[EventType "team"]

1. Nf3 Nf6 2. c4 g6 3. Nc3 d5 4. cxd5 Nxd5 5. h4 Bg7 6. e4 Nxc3 7. dxc3 Qxd1+ 8.
Kxd1 b6 9. Bf4 Bb7 10. Bb5+ c6 11. Be2 Ba6 12. a4 O-O 13. a5 Rd8+ 14. Nd2 Bxe2+
15. Kxe2 Nd7 16. Rhd1 Be5 17. Be3 Bc7 18. Nb3 Rac8 19. axb6 axb6 20. Nd4 Bb8 21.
Ra8 Kf8 22. h5 Ke8 23. hxg6 hxg6 24. Rh1 Be5 25. Ra7 Bf6 26. f4 Bxd4 27. Bxd4 f6
28. f5 gxf5 29. exf5 c5 30. Be3 Ra8 31. Rxa8 Rxa8 32. Rh8+ Nf8 33. Bh6 Kf7 34.
Rxf8+ Rxf8 35. Bxf8 Kxf8 36. Kd3 Ke8 37. Kc4 Kd7 38. Kb5 Kc7 39. b4 cxb4 40.
cxb4 Kb7 41. g3 Ka7 42. Kc6 Ka6 43. b5+ 1-0

[Event "Asian Nations Cup 2016"]
[Site "Abu Dhabi UAE"]
[Date "2016.03.31"]
[Round "4.3"]
[White "Firouzja, Alireza"]
[Black "Wei, Yi"]
[Result "1/2-1/2"]
[BlackTitle "GM"]
[WhiteElo "2475"]
[BlackElo "2714"]
[WhiteTeam "Iran"]
[BlackTeam "China"]
[WhiteFideId "12573981"]
[BlackFideId "8603405"]
[EventDate "2016.03.28"]
[EventType "team"]

1. e4 e5 2. Nf3 Nc6 3. Nc3 Nf6 4. Bb5 Bb4 5. O-O O-O 6. Bxc6 dxc6 7. d3 Nd7 8.
Ne2 Re8 9. Ng3 Nf8 10. Be3 Bd6 11. Nd2 Ng6 12. Nf5 Qf6 13. Qf3 Bxf5 14. Qxf5
Qxf5 15. exf5 Ne7 16. g4 f6 17. Ne4 Kf7 18. c4 b6 19. Kg2 c5 20. h4 Rad8 21. h5
Nc6 22. a3 Rd7 23. Rfd1 Red8 24. Kf3 Be7 25. Ke2 h6 26. f3 Ke8 27. Bf2 Kf7 28.
Be3 Ke8 29. Bf2 Kf7 30. Be3 Ke8 1/2-1/2

[Event "Asian Nations Cup 2016"]
[Site "Abu Dhabi UAE"]
[Date "2016.03.31"]
[Round "4.4"]
[White "Zhou, Jianchao"]
[Black "Mosadeghpour, Masoud"]
[Result "1-0"]
[WhiteTitle "GM"]
[BlackTitle "IM"]
[WhiteElo "2612"]
[BlackElo "2481"]
[WhiteTeam "China"]
[BlackTeam "Iran"]
[WhiteFideId "8603537"]
[BlackFideId "12519278"]
[EventDate "2016.03.28"]
[EventType "team"]

1. d4 Nf6 2. c4 g6 3. Nf3 Bg7 4. Nc3 d5 5. cxd5 Nxd5 6. e4 Nxc3 7. bxc3 O-O 8.
Be2 c5 9. O-O Bg4 10. Rb1 Qc7 11. d5 Bxc3 12. Qb3 Qa5 13. Bh6 Bg7 14. Bxg7 Kxg7
15. h3 Bxf3 16. Bxf3 Nd7 17. Qxb7 Rfd8 18. Qb2+ Kg8 19. e5 Rab8 20. Qe2 Qc7 21.
e6 Nf6 22. exf7+ Kxf7 23. Qe6+ Kf8 24. Qc6 Qd6 25. Rxb8 Rxb8 26. Rc1 Kg7 27.
Qxc5 Rb1 28. Qc2 Rxc1+ 29. Qxc1 Nxd5 30. Qd2 Nb6 31. Qa5 Qc7 32. g3 e6 33. Qb4
e5 34. a4 Nc8 35. a5 Nd6 36. a6 Kf6 37. Bd5 Kg7 38. h4 Qe7 39. Qc5 Nf5 40. Qc8
Nd6 41. Qb8 e4 42. Qb2+ Qf6 43. Qc1 Qe5 44. Qc7+ Kf6 45. Bb3 Qe7 46. Qc3+ Qe5
47. Qe3 Nc8 48. Kg2 Nb6 49. Qh6 Qe8 50. Qf4+ Kg7 51. Qc7+ Kh6 52. g4 Qd7 53. g5+
Kg7 54. Qe5+ Kf8 55. Qh8+ Ke7 56. Qxh7+ Kd8 57. Qxd7+ Nxd7 58. h5 gxh5 59. g6
Nf6 60. g7 Ke7 61. Kg3 Kd6 62. Kf4 h4 63. g8=Q Nxg8 64. Bxg8 h3 65. Bh7 Kd5 66.
Bf5 1-0

[Event "Asian Nations Cup 2016"]
[Site "Abu Dhabi UAE"]
[Date "2016.03.31"]
[Round "4.1"]
[White "Adhiban, Baskaran"]
[Black "Salem, A.R. Saleh"]
[Result "0-1"]
[WhiteTitle "GM"]
[BlackTitle "GM"]
[WhiteElo "2663"]
[BlackElo "2615"]
[WhiteTeam "India"]
[BlackTeam "UAE - 1"]
[WhiteFideId "5018471"]
[BlackFideId "9301348"]
[EventDate "2016.03.28"]
[EventType "team"]

1. e4 e6 2. d4 d5 3. Nd2 c5 4. exd5 Qxd5 5. Ngf3 cxd4 6. Bc4 Qd6 7. O-O Nf6 8.
Nb3 Nc6 9. Qe2 a6 10. Bg5 b5 11. Bd3 Be7 12. Rad1 O-O 13. c3 Bb7 14. cxd4 Nb4
15. Bb1 Bd5 16. Ne5 Bxb3 17. axb3 Nfd5 18. Bd2 f5 19. Rfe1 Bf6 20. Rc1 Rad8 21.
Nf3 Rde8 22. Ne5 Rd8 23. Nf3 Rfe8 24. g4 Nf4 25. Bxf4 Qxf4 26. gxf5 exf5 27.
Qxe8+ Rxe8 28. Rxe8+ Kf7 29. Re3 Nd5 30. Rce1 Nxe3 31. Rxe3 Bxd4 32. Nxd4 Qxd4
33. Bxf5 g6 34. Bc8 Qxb2 35. Kg2 Qa3 36. b4 Qxb4 37. Bxa6 Kg7 38. h3 Qc4 39.
Bxb5 Qxb5 40. Re7+ Kh6 41. Re3 Qd5+ 42. Kg1 Kg5 43. Rg3+ Kf5 44. Re3 Kf4 45. Rg3
Qd1+ 46. Kg2 g5 47. Rc3 Qd5+ 48. Kg1 h5 49. Ra3 Qc5 50. Rd3 h4 51. Kg2 Qc6+ 52.
Kg1 Qc4 53. Rd8 Qb4 54. Kg2 Qe4+ 55. Kg1 Kf3 56. Rf8+ Ke2 57. Rb8 Qe5 58. Ra8
Qc5 59. Re8+ Kf3 60. Re3+ Qxe3 61. fxe3 Kxe3 62. Kg2 Ke2 0-1

[Event "Asian Nations Cup 2016"]
[Site "Abu Dhabi UAE"]
[Date "2016.03.31"]
[Round "4.2"]
[White "Omar, Noaman"]
[Black "Sethuraman, S.P."]
[Result "0-1"]
[WhiteTitle "IM"]
[BlackTitle "GM"]
[WhiteElo "2383"]
[BlackElo "2658"]
[WhiteTeam "UAE - 1"]
[BlackTeam "India"]
[WhiteFideId "9300244"]
[BlackFideId "5021596"]
[EventDate "2016.03.28"]
[EventType "team"]

1. d4 d6 2. e4 g6 3. c4 Bg7 4. Nc3 Nc6 5. Be3 e5 6. d5 Nce7 7. Qd2 f5 8. f3 Nf6
9. h3 O-O 10. O-O-O a6 11. Bd3 Bd7 12. c5 Nc8 13. Nge2 Qe7 14. cxd6 Nxd6 15. Kb1
b5 16. Bc5 Rfb8 17. b4 a5 18. a3 Bf8 19. Nc1 axb4 20. axb4 Qf7 21. Nb3 c6 22.
exf5 cxd5 23. fxg6 hxg6 24. Nc1 Nc4 25. Bxc4 bxc4 26. Bxf8 Bf5+ 27. Kb2 Kxf8 28.
Nxd5 Qa7 29. Qh6+ Kf7 0-1

[Event "Asian Nations Cup 2016"]
[Site "Abu Dhabi UAE"]
[Date "2016.03.31"]
[Round "4.3"]
[White "Vidit, Santosh Gujrathi"]
[Black "Saeed, Ishaq"]
[Result "1-0"]
[WhiteTitle "GM"]
[BlackTitle "FM"]
[WhiteElo "2648"]
[BlackElo "2286"]
[WhiteTeam "India"]
[BlackTeam "UAE - 1"]
[WhiteFideId "5029465"]
[BlackFideId "9301453"]
[EventDate "2016.03.28"]
[EventType "team"]

1. d4 Nf6 2. c4 e6 3. Nf3 b6 4. a3 Bb7 5. Nc3 d5 6. cxd5 Nxd5 7. Qc2 c5 8. e4
Nxc3 9. bxc3 Be7 10. Bb5+ Bc6 11. Bd3 Nd7 12. O-O Qc7 13. d5 exd5 14. exd5 Bxd5
15. Re1 c4 16. Bg5 Be6 17. Bxh7 Nc5 18. Rad1 Rd8 19. Rxd8+ Bxd8 20. Rd1 Bxg5 21.
Nxg5 Qf4 22. Nxe6 Nxe6 23. g3 Qc7 24. Qe4 Ke7 25. Bf5 Rh6 26. Bg4 Qc5 27. Qb7+
Kf6 28. Rd5 Qc7 29. Rf5+ Ke7 30. Rxf7+ Kxf7 31. Bxe6+ Kxe6 32. Qxc7 Kd5 33. Qxg7
Rc6 34. h4 1-0

[Event "Asian Nations Cup 2016"]
[Site "Abu Dhabi UAE"]
[Date "2016.03.31"]
[Round "4.4"]
[White "Mayed, AlRashedi"]
[Black "Sengupta, Deep"]
[Result "0-1"]
[WhiteTitle "FM"]
[BlackTitle "GM"]
[WhiteElo "1977"]
[BlackElo "2554"]
[WhiteTeam "UAE - 1"]
[BlackTeam "India"]
[WhiteFideId "9303871"]
[BlackFideId "5008352"]
[EventDate "2016.03.28"]
[EventType "team"]

1. e4 e6 2. d4 d5 3. Nd2 c5 4. exd5 Qxd5 5. Ngf3 cxd4 6. Bc4 Qd7 7. O-O Nc6 8.
Nb3 Nf6 9. Nbxd4 Nxd4 10. Nxd4 a6 11. a4 Bd6 12. h3 O-O 13. Re1 Qc7 14. Qe2 e5
15. Nf3 e4 16. Nd2 Bd7 17. Nf1 Rac8 18. Bb3 h6 19. Be3 Be5 20. c3 Rfe8 21. Red1
Be6 22. Bxe6 Rxe6 23. Bd4 Nd5 24. Bxe5 Qxe5 25. Qd2 Nf4 26. Ng3 Rce8 27. Qd4 Qg5
28. Qe3 h5 29. h4 Qxh4 30. Nf1 Qg4 31. g3 Nh3+ 32. Kg2 Ng5 0-1

[Event "Asian Nations Cup 2016"]
[Site "Abu Dhabi UAE"]
[Date "2016.03.31"]
[Round "4.1"]
[White "Nguyen, Ngoc Truong Son"]
[Black "Gundavaa, Bayarsaikhan"]
[Result "1/2-1/2"]
[WhiteTitle "GM"]
[BlackTitle "GM"]
[WhiteElo "2649"]
[BlackElo "2517"]
[WhiteTeam "Vietnam"]
[BlackTeam "Mongolia"]
[WhiteFideId "12401110"]
[BlackFideId "4901045"]
[EventDate "2016.03.28"]
[EventType "team"]

1. d4 Nf6 2. c4 e6 3. Nf3 d5 4. g3 Bb4+ 5. Bd2 Be7 6. Bg2 O-O 7. O-O c6 8. Qc2
Nbd7 9. Bf4 a5 10. b3 b5 11. cxb5 cxb5 12. Bc7 Qe8 13. Qc6 Ba6 14. Rc1 b4 15. e3
Qc8 16. Nbd2 Bd3 17. Be5 Qxc6 18. Rxc6 Rfc8 19. Rac1 Rxc6 20. Rxc6 Bb5 21. Rc1
Ne8 22. Bf4 h6 23. g4 Bd6 24. Ne5 Nb6 25. Bf1 Bxf1 26. Kxf1 Bxe5 27. Bxe5 Rc8
28. Rxc8 Nxc8 29. Ke2 Kf8 30. Nb1 Na7 31. a4 Nc6 32. Bg3 Ke7 33. Nd2 Nd6 34. Kd3
Kd7 35. f3 Nc8 36. e4 N8e7 37. Nf1 f6 38. Ne3 Nd8 39. f4 g6 40. f5 gxf5 41. gxf5
Ndc6 42. h3 dxe4+ 43. Kxe4 Nxf5 44. Nxf5 exf5+ 45. Kd5 Nd8 46. Bh4 Ne6 47. Bxf6
Nf4+ 48. Ke5 Nxh3 49. Kxf5 Nf2 50. Bg7 h5 51. Bf6 Ng4 52. Bg5 Nf2 53. Ke5 Ng4+
54. Kd5 Nf2 55. Bh4 Nd3 56. Kc4 Nf4 57. Kb5 Ne2 58. Kxa5 Nxd4 59. Kxb4 Kc6 60.
Kc4 Nxb3 1/2-1/2

[Event "Asian Nations Cup 2016"]
[Site "Abu Dhabi UAE"]
[Date "2016.03.31"]
[Round "4.2"]
[White "Batchuluun, Tsegmed"]
[Black "Nguyen, Huynh Minh Huy"]
[Result "1/2-1/2"]
[WhiteTitle "GM"]
[BlackTitle "GM"]
[WhiteElo "2460"]
[BlackElo "2455"]
[WhiteTeam "Mongolia"]
[BlackTeam "Vietnam"]
[WhiteFideId "4900847"]
[BlackFideId "12401269"]
[EventDate "2016.03.28"]
[EventType "team"]

1. d4 d5 2. c4 c6 3. cxd5 cxd5 4. Bf4 Nf6 5. Nc3 Nc6 6. e3 Bf5 7. Qb3 Na5 8.
Qa4+ Bd7 9. Qc2 Rc8 10. Nf3 b5 11. a3 e6 12. Bd3 Be7 13. h3 O-O 14. O-O Nc4 15.
Rfc1 Qb6 16. Qe2 Rfd8 17. Ne5 Be8 18. a4 b4 19. Nd1 Na5 20. Bb5 Nb3 21. Rxc8
Rxc8 22. Bxe8 Nxe8 23. Rb1 f6 24. Nf3 Qc6 25. a5 Nd6 26. Bxd6 Bxd6 27. Ne1 Bc7
28. Qd3 Qc4 29. Qxc4 dxc4 30. a6 Bd6 31. Nc2 Rc6 32. e4 Nd2 33. Ra1 Nxe4 34. f3
Nd2 35. Kf2 Rb6 36. Ke2 Nb3 37. Ra4 Rb5 38. Nde3 Na5 39. Kd1 g6 40. Nf1 c3 41.
bxc3 Nc4 42. Ke2 Nb6 43. Ra1 bxc3 44. Kd3 e5 45. Nfe3 exd4 46. Nxd4 Rc5 47. Ra3
Nd7 48. Rxc3 Rxc3+ 49. Kxc3 Nb8 50. Nd5 Kf7 51. Kc4 Nxa6 52. Nc6 Nc7 53. Nxc7 1/2-1/2

[Event "Asian Nations Cup 2016"]
[Site "Abu Dhabi UAE"]
[Date "2016.03.31"]
[Round "4.3"]
[White "Dao, Thien Hai"]
[Black "Munkhgal, Gombosuren"]
[Result "1/2-1/2"]
[WhiteTitle "GM"]
[BlackTitle "IM"]
[WhiteElo "2481"]
[BlackElo "2419"]
[WhiteTeam "Vietnam"]
[BlackTeam "Mongolia"]
[WhiteFideId "12400084"]
[BlackFideId "4901266"]
[EventDate "2016.03.28"]
[EventType "team"]

1. d4 Nf6 2. c4 e6 3. Nf3 d5 4. Nc3 Bb4 5. cxd5 exd5 6. Bg5 Qd6 7. Nd2 O-O 8. e3
c6 9. Bd3 Bg4 10. Qc2 Nbd7 11. O-O Bh5 12. a3 Bxc3 13. Qxc3 Bg6 14. Be2 Bh5 15.
Bf4 Qe7 16. f3 Ne4 17. Nxe4 dxe4 18. Qa5 Nf6 19. Bg5 exf3 20. Bxf3 Bg6 21. Rae1
Qe6 22. Qb4 Nd5 23. Qxb7 Bd3 24. Rf2 Rfb8 25. Bxd5 Qxd5 26. Qe7 Re8 27. Qc5 Qxc5
28. dxc5 Re5 29. Rd2 Be4 30. Red1 f6 31. Bf4 Rxc5 32. Bd6 Rd5 1/2-1/2

[Event "Asian Nations Cup 2016"]
[Site "Abu Dhabi UAE"]
[Date "2016.03.31"]
[Round "4.4"]
[White "Bilguun, Sumiya"]
[Black "Nguyen, Anh Khoi"]
[Result "1/2-1/2"]
[WhiteTitle "FM"]
[BlackTitle "FM"]
[WhiteElo "2363"]
[BlackElo "2412"]
[WhiteTeam "Mongolia"]
[BlackTeam "Vietnam"]
[WhiteFideId "4901541"]
[BlackFideId "12404675"]
[EventDate "2016.03.28"]
[EventType "team"]

1. e4 c5 2. Nf3 d6 3. d4 cxd4 4. Nxd4 Nf6 5. Nc3 a6 6. Bg5 e6 7. f4 h6 8. Bh4
Be7 9. Qf3 Qc7 10. O-O-O Nbd7 11. Bd3 g5 12. fxg5 Ne5 13. Qe2 Nfg4 14. Kb1 hxg5
15. Bg3 b5 16. Rdf1 Nf6 17. Nf3 b4 18. Nd1 Nh5 19. Bxe5 dxe5 20. g3 Bb7 21. Ne3
f6 22. Rhg1 Bc5 23. Nd2 Ke7 24. Re1 a5 25. Ndc4 a4 26. Rgf1 Bd4 27. Qd2 Qc5 28.
c3 bxc3 29. bxc3 Bxe3 30. Qxe3 Rac8 31. Kc2 Rhd8 32. Qxc5+ Rxc5 33. Ne3 Ng7 34.
Rf2 Ne8 35. Ref1 Rc7 36. Ng4 Rxd3 37. Kxd3 Ba6+ 38. Kc2 Bxf1 39. Rxf1 Rb7 40. h4
gxh4 41. gxh4 Rb8 42. Rf2 a3 43. Kd3 Rb1 44. Rh2 Rg1 45. Ne3 Nd6 46. h5 Rg8 47.
h6 Nf7 48. h7 Rd8+ 49. Ke2 Rh8 50. Nc4 Ng5 51. Ke3 Nxh7 52. Nxa3 Kf7 53. Nb5 Kg6
54. Nd6 Ra8 55. Rd2 Ng5 56. Ke2 f5 57. c4 Ra3 58. Rc2 Nf3 59. exf5+ exf5 60. Nb5
Nd4+ 61. Nxd4 exd4 62. Rd2 Kf6 63. Rxd4 Rxa2+ 64. Kf3 Ke5 1/2-1/2